L'articulation entre l'arithmétique et l'algèbre dans le contexte de la résolution de problèmes arithmétiques
Uloženo v:
| Hlavní autor: | |
|---|---|
| Médium: | Kniha |
| Jazyk: | francouzština |
| Vydáno: |
París
IREM
2001
|
| Edice: | DEA de Didactique des Mathématiques
|
| Témata: | |
| Tagy: |
Přidat tag
Žádné tagy, Buďte první, kdo vytvoří štítek k tomuto záznamu!
|
MARC
| LEADER | 00000nam a2200000 a 4500 | ||
|---|---|---|---|
| 001 | UCL1849 | ||
| 003 | CL-VaPUC | ||
| 008 | 030926e20010000FR |||||||||||||||||fre|d | ||
| 020 | |a 2866122151 | ||
| 082 | 0 | 4 | |a 510.712 |b DEM |2 21 |
| 100 | 0 | |a Demonty, Isabelle |e author |9 478721 | |
| 245 | 1 | 2 | |a L'articulation entre l'arithmétique et l'algèbre dans le contexte de la résolution de problèmes arithmétiques |
| 300 | |a pág. irreg | ||
| 942 | |c BK | ||
| 945 | |d 20030926 00:00:00 |a cmena | ||
| 260 | |a París |b IREM |c 2001 | ||
| 650 | 0 | |a Matemáticas |x Enseñanza |9 875527 | |
| 650 | 0 | |a Métodos de enseñanza |9 270413 | |
| 650 | 0 | |a Libros de texto |9 270019 | |
| 650 | 0 | |a Aritmética |9 270049 | |
| 583 | |a last modification |c 20030926 00:00:00 |k Rodrigo Vera | ||
| 490 | 0 | |a DEA de Didactique des Mathématiques | |
| 999 | |c 305289 |d 305287 | ||
| 952 | |0 0 |1 0 |4 0 |6 510_712000000000000_DEM_2001 |7 0 |8 A |9 368425 |a BIBMAT |b BIBMAT |c E_DIDACT |d 2019-11-21 |i 3940306 |o 510.712 DEM 2001 |p 3940306 |r 2025-01-07 |w 2019-11-21 |y BK |k MAT | ||